| 000 | 00412nam a22001697a 4500 | ||
|---|---|---|---|
| 003 | OSt | ||
| 008 | 260331b |||||||| |||| 00| 0 eng d | ||
| 020 | _a9789361594489 | ||
| 082 | _a658.83 MAM | ||
| 100 | _aMALHOTRA,Naresh | ||
| 245 | _aMarketing Research an Applied Orientation | ||
| 250 | _a7th Ed | ||
| 260 |
_aNew Delhi _bPearson _c2025 |
||
| 300 | _a958p | ||
| 700 | _aDAS,Satyabhusan | ||
| 942 |
_2ddc _cBK |
||
| 999 |
_c13903 _d13903 |
||